| Поле | Инд. | ПП | Название | Значение |
|---|---|---|---|---|
| Тип записи | a | |||
| Библиографический уровень | m | |||
| 001 | Контрольный номер | RU/LIBMSTU/310143554 | ||
| 005 | Дата корректировки | 20160127104207.5 | ||
| 008 | Кодируемые данные | 091102|||||||||ru |||||||||||000|||rus|| | ||
| 020 | a | ISBN | 978-5-7567-0554-6 | |
| c | Цена, тираж | 110-50 | ||
| 040 | b | Код языка каталог. | rus | |
| 041 | a | Код языка текста | rus | |
| 084 | a | Индекс другой классификации/Индекс ББК | 66.4(0) | |
| 090 | a | Полочн. индекс | 66.4 | |
| x | Авторский знак | Н 62 | ||
| 100 | 1_ | a | Автор | Никитина Ю. А. |
| 245 | 10 | a | Заглавие | Международные отношения и мировая политика |
| b | Продолж. заглавия | Введение в специальность : учеб. пособие для вузов | ||
| 260 | a | Место издания | Москва | |
| b | Издательство | Аспект Пресс | ||
| c | Дата издания | 2009 | ||
| 300 | a | Объем | 141, [1] с. | |
| 504 | a | Библиография | Библиогр.: с. 134-142 | |
| 650 | a | Основная рубрика | Международные отношения и мировая политика-Учебные издания для высших учебных заведений | |
| 653 | a | Ключевые слова | Вестфальская модель | |
| a | Ключевые слова | Демократизация | ||
| a | Ключевые слова | Либерализация | ||
| a | Ключевые слова | Международные отношения | ||
| a | Ключевые слова | Мировая политика | ||
| a | Ключевые слова | Мировое развитие | ||
| a | Ключевые слова | Суверенитет | ||
| 901 | t | Тип документа | m | |
| 952 | b | Гриф литературы для ВШ | Допущено Науч.-метод. советом по политологии МОиН РФ | |
| c | Вид литературы | учебное пособие |